[Event "RSA-chT U20"]
[Site "Boksburg"]
[Date "2018.01.06"]
[Round "5.2"]
[White "Essop, Hishaam"]
[Black "Winnaar, Matthew"]
[Result "1-0"]
[WhiteElo "1838"]
[BlackElo "861"]
[PlyCount "59"]
[EventDate "2018.01.04"]
[EventType "team-tourn"]
[EventRounds "7"]
[EventCountry "RSA"]
[SourceTitle "CBM 182 Extra"]
[Source "ChessBase"]
[SourceDate "2018.02.23"]
[SourceVersion "1"]
[SourceVersionDate "2018.02.23"]
[SourceQuality "1"]
[WhiteTeam "Western Province U20"]
[BlackTeam "Mangaung U20"]
[WhiteTeamCountry "RSA"]
[BlackTeamCountry "RSA"]

1. e4 e6 2. d3 d5 3. Nd2 Nc6 4. Ngf3 Bb4 5. c3 Ba5 6. a4 Bb6 7. Be2 e5 8. 0-0 Nf6 9. exd5 Nxd5 10. Nc4 Qf6 11. Ng5 Nf4 12. Ne4 Qg6 13. Bxf4 exf4 14. a5 Bxa5 15. Nxa5 Ne5 16. Bf3 Bg4 17. Bxg4 Nxg4 18. d4 0-0 19. h3 Nf6 20. Nxf6+ Qxf6 21. Nc4 Rfe8 22. Qf3 c6 23. Rfe1 Rxe1+ 24. Rxe1 Rd8 25. Qe4 h6 26. Qe7 Qxe7 27. Rxe7 b5 28. Ne5 f6 29. Nxc6 a6 30. Nxd8 1-0

[Event "RSA-chT U20"]
[Site "Boksburg"]
[Date "2018.01.05"]
[Round "4.2"]
[White "Winnaar, Matthew"]
[Black "Rensburg, Kyle"]
[Result "0-1"]
[WhiteElo "861"]
[BlackElo "1295"]
[PlyCount "74"]
[EventDate "2018.01.04"]
[EventType "team-tourn"]
[EventRounds "7"]
[EventCountry "RSA"]
[SourceTitle "CBM 182 Extra"]
[Source "ChessBase"]
[SourceDate "2018.02.23"]
[SourceVersion "1"]
[SourceVersionDate "2018.02.23"]
[SourceQuality "1"]
[WhiteTeam "Mangaung U20"]
[BlackTeam "Nelson Mandela Bay U20"]
[WhiteTeamCountry "RSA"]
[BlackTeamCountry "RSA"]

1. d4 Nf6 2. c4 c5 3. dxc5 Qa5+ 4. Nc3 Qxc5 5. e4 e6 6. Nf3 Nc6 7. Bd3 Qb6 8. Be3 Qxb2 9. Na4 Bb4+ 10. Bd2 Bxd2+ 11. Nxd2 Qd4 12. Nf3 Qd6 13. 0-0 Ne5 14. Nxe5 Qxe5 15. Re1 0-0 16. Rc1 b6 17. Nc3 Bb7 18. Re2 Ng4 19. g3 Qh5 20. f3 Ne5 21. Rf2 f5 22. Qe2 fxe4 23. Nxe4 Rxf3 24. Nd2 Nxd3 25. Nxf3 Nxf2 26. Qxf2 Qxf3 27. Qxf3 Bxf3 28. Rf1 Rf8 29. Rf2 Bc6 30. Rd2 Rf3 31. Rf2 Rxf2 32. Kxf2 g5 33. h3 Kf7 34. Ke3 Kf6 35. h4 gxh4 36. gxh4 Kf5 37. Kf2 Kg4 0-1